| 000 | 00557nam a2200205Ia 4500 | ||
|---|---|---|---|
| 003 | OSt | ||
| 005 | 20240911150621.0 | ||
| 008 | 220927b |||||||| |||| 00| 0 eng d | ||
| 020 | _a0715607022 | ||
| 040 |
_aSDCL _cSDCL _beng |
||
| 041 |
_2eng _aeng |
||
| 082 | _aRxC56 L4 | ||
| 100 |
_aAnderson, J. K. _9403053 |
||
| 245 | 0 | _aXenophon . | |
| 260 |
_aLondon: _bGerald Duckworth, _c1974. |
||
| 300 |
_a206p. _ccm. |
||
| 490 | _aClassical life and letters. | ||
| 942 |
_hRxC56 L4 _cTEXL _2CC |
||
| 999 |
_c718851 _d718851 |
||